000 00785nam a2200205 a 4500
001 BRCA_2134
005 20190320203700.0
008 120808s1992----mx-#---###---#000-0#spa-#
050 4 _aF1391.P8
_b.L43 79
_c1992
100 1 _aMorales Pardo, Luz Marina
_96443
245 1 0 _aOligarquía, familia e iglesia en Puebla
_btres sacerdotes Furlong
_cLuz Marina Morales Pardo.
260 _aPuebla, México
_bGobierno del Estado de Puebla : Secretaría de Cultura : Comisión Puebla V Centenario
_c1992
300 _a20 p.
_c21 cm.
440 0 _aLecturas Históricas de Puebla
_n79
_96444
504 _aIncluye referencias bibliográficas
651 4 _aPuebla (México)
_xHistoria
_9409
651 4 _aPuebla (México)
_xVida social y costumbres
_9408
653 0 _aVida cotidiana
942 _2lcc
_cB
999 _c1891
_d1891